Tableau de malade p341 - Statistiques

Statistiques générales
  • Ce quiz a été pris 52 fois
  • Le résultat moyen est 10 sur 25
Statistiques - réponses
Risque Agent % Correct
X Passe dans placenta passivement (lisez le tableau y'a trop pour le mettre) alcool
57%
Agents physiques malformation (60 premiers jours) cancérogène radiations ionisantes/ rayon X
57%
Infection encéphalité, rétinite, atteinte foie toxoplasmose
57%
Antiépiléptiques Spina bifida, anomalies cardiaques anomailes cranio faciales acide valproïque
43%
Anticoagulants oraux Malformations osseuses AVK
43%
Anti tumoraux Antimitotiques Tous tératogène, exemple : Colchicine
43%
Virus foetopathie, atteinte cerveau/oeil/foie cytomégalovirus
43%
Polluants Tératogène dioxine
43%
AINS T1 destruction corps jaune fausse couche
43%
X Agit sur Shh, Otx, Sox 9 Glyphosate
43%
Infection mort foetale in-utero/prématurité/infection généralisée listériose
43%
Hormones Herbicides Perturbateurs endocriniens
43%
Polluants Retard de croissance/mental Plomb
43%
Hormones Masculinisation OG foetus féminin Progestatifs de synthèse
43%
Virus Malformations coeur/oeil/oreille/SNC rubéole
43%
Antibiotiques Surdité Streptomycine
43%
X Retard de croissance intra-utérin, risque de fentes faciales tabac
43%
Virus foetopathie, atteinte cerveau/oeil/derme varicelle
43%
Polluants Anomalie de la face Agent orange
29%
AINS T3 malformation de la circulation foetale
29%
Vitamines malformation cerveau/face Excès de Vit A
29%
Polluants Infirmité motrice Mercure organique
29%
Antibiotiques Atteinte des bourgeons dentaires Tétracyclines
29%
Vitamines anomalie fermeture du tube neural Carence VIT B9
14%
Thalidomide Raccourcissement des membres inhibiteur de l'angiogenèse
14%
Aucun quiz correspondant
Distribution des résultats
% des personnes avec chaque résultat
Percentile par nombre de réponses
Votre historique - résultats
Vous n’avez pas pris ce quiz